02866nam a2200481 i 4500003001000000005001700010007000300027008004100030020001800071020001500089040003500104041000800139043001200147082002000159100003900179245020300218250002200421264005400443300005900497336002700556337003300583338002800616490002100644505021600665521004200881650003600923650003900959650004500998651004201043700004901085700004601134942001201180999001701192952013101209952013201340952012901472952013301601952013301734952013101867952012901998952012802127952012902255CO-BoRNBP20250226153923.0ta231010t2018 ck a|||g| 001 0|spa | a9789584274519 a9584274511 aCO-BoRNBPbspaerdacCO-BoRNBP0 hspa as-ck---04a330.9bH27f2221 aHerrera Mora, Camiloeautor93447510aFormalmente informales:bun ensayo sobre la clase media colombiana y los dilemas a los que se enfrenta /cCamilo Herrera Mora ; con la colaboración de Alejandra Acosta Bulla y Ricardo Silva Romero aPrimera edición aBogotá, ColombiabPlaneta Colombiana S.A.c2018 a207 páginasbilustraciones en blanco y negroc23 cm  atextobtxt2rdacontent asin mediaciónbn2rdamedia avolumenbnc2rdacarrier0 aPaidós empresa0 a¿Cuál es el origen de nuestra (in)formalidad?. -- ¿Cómo nos (in)formalizamos los colombianos?. -- ¿Realmente qué tan (in)formales somos?. -- ¿Cómo hacemos para salir bien de la (in)formalidad mala?. aRecomendado para un público adulto 17aEconomía informal2LEMB9702317aCreación de empresa2LEMB95887617aTrabajadores independientes2LEMB958877 aColombiaxCondiciones sociales9588781 aAcosta Bulla, Alejandraecolaboradora9588791 aSilva Romero, Ricardoecolaborador928413 2ddccBK c56981d56981 00102ddc40708GENaMEGUAMALbMEGUAMALcGENd2025-02-04l0o330.9 H27fpGUA004830r2025-02-26 15:41:10tEj.1w2025-02-26yBK 00102ddc40708GENaMEPLLERASbMEPLLERAScGENd2025-08-12l0o330.9 H27fpPLL00125r2025-08-12 14:21:29tEj.1w2025-08-12yBK 00102ddc40708GENaMESGUARObMESGUAROcGENd2025-08-15l0o330.9 H27fpSG03943r2025-08-15 20:30:31tEj.1w2025-08-15yBK 00102ddc40708GENaMEMAPIRIbMEMAPIRIcGENd2025-08-22l0o330.9 H27fpMAP00004460r2025-08-22 15:04:29tEj.1w2025-08-22yBK 00102ddc4070aMEVHERMObMEVHERMOd2025-09-29k330.9l0o330.9 H27fpVIST 0002723r2025-09-29 16:39:17tEj.1w2025-09-29yBK 00102ddc40708GENaMECABUYAbMECABUYAcGENd2025-09-29l0o330.9 H27fpCAB001307r2025-09-29 20:30:44tEj.1w2025-09-29yBK 00102ddc40708GENaMESMARTIbMESMARTIcGENd2025-10-01l0o330.9 H27fpSM04260r2025-10-01 19:52:41tEj.1w2025-10-01yBK 00102ddc40708GENaMEURIBEbMEURIBEcGENd2025-10-10l0o330.9 H27fpURI03207r2025-10-10 17:20:57tEj.1w2025-10-10yBK 00102ddc40708GENaMECASTILbMECASTILcGENd2025-10-14l0o330.9 H27fpEC03104r2025-10-14 20:46:12tEj.1w2025-10-14yBK